[Event "Kavala op 27th"]
[Site "Kavala"]
[Date "2018.08.10"]
[Round "8"]
[White "Giannoulakis, Labros"]
[Black "Prince, Bajaj"]
[Result "1/2-1/2"]
[WhiteElo "2287"]
[BlackElo "2411"]
[PlyCount "31"]
[EventDate "2018.08.05"]
[EventType "swiss"]
[EventRounds "9"]
[EventCountry "GRE"]
[SourceTitle "CBM 186 Extra"]
[Source "ChessBase"]
[SourceDate "2018.08.24"]
[SourceVersion "1"]
[SourceVersionDate "2018.08.24"]
[SourceQuality "1"]

1. d4 Nf6 2. c4 e6 3. Nc3 Bb4 4. e3 0-0 5. Bd3 d5 6. a3 Bxc3+ 7. bxc3 b6 8. cxd5 exd5 9. Ne2 Ba6 10. Bxa6 Nxa6 11. Qd3 Nb8 12. 0-0 c5 13. c4 cxd4 14. Nxd4 Nbd7 15. Nc6 dxc4 16. Qxc4 1/2-1/2

[Event "Paleochora op 11th"]
[Site "Paleochora"]
[Date "2018.07.25"]
[Round "9"]
[White "David, Alberto"]
[Black "Prince, Bajaj"]
[Result "1-0"]
[WhiteElo "2549"]
[BlackElo "2404"]
[PlyCount "87"]
[EventDate "2018.07.18"]
[EventType "swiss"]
[EventRounds "9"]
[EventCountry "GRE"]
[SourceTitle "CBM 186 Extra"]
[Source "ChessBase"]
[SourceDate "2018.08.24"]
[SourceVersion "1"]
[SourceVersionDate "2018.08.24"]
[SourceQuality "1"]

1. Nf3 c5 2. e4 e6 3. d3 Nc6 4. g3 d5 5. Qe2 Nge7 6. Bg2 g6 7. h4 h6 8. 0-0 Bg7 9. e5 Qc7 10. Re1 b6 11. c3 Bb7 12. Na3 a6 13. Bf4 b5 14. Nc2 a5 15. d4 c4 16. Qd2 Bc8 17. Ne3 h5 18. Bg5 Bd7 19. Bf6 Kf8 20. Bxg7+ Kxg7 21. Bh3 Ng8 22. Ng2 Nce7 23. Qf4 Nf5 24. Bxf5 gxf5 25. Qg5+ Kf8 26. Nf4 Qd8 27. Kg2 Qxg5 28. hxg5 Ne7 29. Rh1 Ng6 30. Nxh5 Bc6 31. Nf6 Kg7 32. Rh6 b4 33. Rah1 Rab8 34. Rh7+ Rxh7 35. Rxh7+ Kf8 36. Nh4 bxc3 37. bxc3 Rb2 38. Nxg6+ fxg6 39. Ra7 Rxa2 40. Ra6 Ba4 41. Rxe6 Bc2 42. Re8+ Kg7 43. e6 Be4+ 44. Kh3 1-0

[Event "Paleochora op 11th"]
[Site "Paleochora"]
[Date "2018.07.23"]
[Round "7"]
[White "Prince, Bajaj"]
[Black "Gordon, Stephen J"]
[Result "1/2-1/2"]
[WhiteElo "2404"]
[BlackElo "2539"]
[PlyCount "89"]
[EventDate "2018.07.18"]
[EventType "swiss"]
[EventRounds "9"]
[EventCountry "GRE"]
[SourceTitle "CBM 186 Extra"]
[Source "ChessBase"]
[SourceDate "2018.08.24"]
[SourceVersion "1"]
[SourceVersionDate "2018.08.24"]
[SourceQuality "1"]

1. e4 c5 2. Nf3 d6 3. d4 cxd4 4. Nxd4 Nf6 5. Nc3 a6 6. Be3 e5 7. Nb3 Be6 8. f3 h5 9. Nd5 Bxd5 10. exd5 Nbd7 11. Qd2 g6 12. Be2 Qc7 13. Rc1 Bg7 14. 0-0 0-0 15. c4 b6 16. Na1 Nh7 17. Nc2 f5 18. Nb4 a5 19. Nc6 Nb8 20. Rfd1 Nf6 21. Nxb8 Raxb8 22. Qc2 Kh7 23. a3 Bh6 24. Bxh6 Kxh6 25. b4 Nd7 26. Qa4 Ra8 27. Qc6 Rfc8 28. c5 bxc5 29. Ba6 Qxc6 30. dxc6 Rxa6 31. cxd7 Rd8 32. bxc5 Rxd7 33. cxd6 Raxd6 34. Rxd6 Rxd6 35. Rc5 Rd1+ 36. Kf2 Rd2+ 37. Kf1 a4 38. Ra5 h4 39. Rxa4 Kg5 40. h3 Ra2 41. Kg1 Ra1+ 42. Kf2 Ra2+ 43. Kg1 Ra1+ 44. Kf2 Ra2+ 45. Kg1 1/2-1/2

[Event "Paleochora op 11th"]
[Site "Paleochora"]
[Date "2018.07.19"]
[Round "3"]
[White "Prince, Bajaj"]
[Black "Istratescu, Andrei"]
[Result "1/2-1/2"]
[WhiteElo "2404"]
[BlackElo "2575"]
[PlyCount "45"]
[EventDate "2018.07.18"]
[EventType "swiss"]
[EventRounds "9"]
[EventCountry "GRE"]
[SourceTitle "CBM 186 Extra"]
[Source "ChessBase"]
[SourceDate "2018.08.24"]
[SourceVersion "1"]
[SourceVersionDate "2018.08.24"]
[SourceQuality "1"]

1. e4 c5 2. Nf3 Nc6 3. d4 cxd4 4. Nxd4 Nf6 5. Nc3 d6 6. f3 Qb6 7. Be3 a6 8. Qd2 Nxd4 9. Bxd4 Qa5 10. Bc4 e6 11. 0-0-0 Be7 12. Bb3 0-0 13. Kb1 Qc7 14. g4 Nd7 15. h4 b5 16. g5 Nc5 17. h5 b4 18. Na4 a5 19. g6 h6 20. gxf7+ Rxf7 21. Rhg1 Bg5 22. Be3 Nxb3 23. axb3 1/2-1/2

[Event "GRE-chT 46th"]
[Site "Rio Achaia"]
[Date "2018.07.15"]
[Round "7.11"]
[White "Prince, Bajaj"]
[Black "Kanakaris, Georgios"]
[Result "1-0"]
[WhiteElo "2404"]
[BlackElo "2409"]
[PlyCount "107"]
[EventDate "2018.07.10"]
[EventType "team"]
[EventRounds "7"]
[EventCountry "GRE"]
[SourceTitle "CBM 185 Extra"]
[Source "ChessBase"]
[SourceDate "2018.07.29"]
[SourceVersion "1"]
[SourceVersionDate "2018.07.29"]
[SourceQuality "1"]
[WhiteTeam "Kavalas OFS"]
[BlackTeam "My Mountains"]
[WhiteTeamCountry "GRE"]
[BlackTeamCountry "GRE"]

1. e4 c5 2. Nf3 d6 3. Bb5+ Bd7 4. Bxd7+ Qxd7 5. c4 Nc6 6. d4 cxd4 7. Nxd4 Nf6 8. Nc3 g6 9. f3 Bg7 10. Be3 0-0 11. 0-0 Rfc8 12. Nde2 b6 13. Qd2 Qb7 14. Rac1 Ne5 15. b3 Nfd7 16. Bd4 Nc5 17. f4 Ned3 18. Rcd1 e5 19. Bxc5 Nxc5 20. f5 Nxe4 21. Nxe4 Qxe4 22. f6 Bf8 23. Nc3 Qh4 24. Qe2 e4 25. Qxe4 Qxe4 26. Nxe4 Re8 27. Nc3 Re6 28. Nd5 Rc8 29. Rfe1 Rd8 30. g4 g5 31. Kf2 h6 32. Re3 Rxe3 33. Kxe3 Re8+ 34. Kf2 Kh7 35. Re1 Rb8 36. a4 Kg6 37. Kf3 h5 38. h3 h4 39. Re4 a5 40. Ke3 Rd8 41. Kd4 Rb8 42. Re2 Rd8 43. Kc3 Rb8 44. b4 Rd8 45. b5 Rb8 46. Kd4 Kh7 47. Re4 Kg6 48. Ke3 Kh7 49. Kf3 Kg6 50. Re1 Kh7 51. Re7 Kg6 52. Rc7 Re8 53. Rc6 Re1 54. Rxb6 1-0

[Event "GRE-chT 46th"]
[Site "Rio Achaia"]
[Date "2018.07.12"]
[Round "4.15"]
[White "Prince, Bajaj"]
[Black "Boruchovsky, Avital"]
[Result "0-1"]
[WhiteElo "2404"]
[BlackElo "2558"]
[PlyCount "124"]
[EventDate "2018.07.10"]
[EventType "team"]
[EventRounds "7"]
[EventCountry "GRE"]
[SourceTitle "CBM 185 Extra"]
[Source "ChessBase"]
[SourceDate "2018.07.29"]
[SourceVersion "1"]
[SourceVersionDate "2018.07.29"]
[SourceQuality "1"]
[WhiteTeam "Kavalas OFS"]
[BlackTeam "Florence FL"]
[WhiteTeamCountry "GRE"]
[BlackTeamCountry "GRE"]

1. e4 e5 2. Nf3 Nc6 3. Bb5 a6 4. Ba4 Nf6 5. 0-0 Be7 6. Re1 b5 7. Bb3 d6 8. c3 0-0 9. h3 Bb7 10. d4 Nd7 11. a4 Re8 12. Na3 exd4 13. cxd4 Bf6 14. Bf4 Na5 15. Bc2 b4 16. Nb1 c5 17. Bxd6 Nc4 18. dxc5 Nxb2 19. Qe2 Rc8 20. Nbd2 Nxc5 21. e5 Bxe5 22. Nxe5 Qxd6 23. Qh5 g6 24. Nxf7 Qxd2 25. Rxe8+ Rxe8 26. Qxc5 Re1+ 27. Rxe1 Qxe1+ 28. Kh2 Kxf7 29. Qc7+ Qe7 30. Bb3+ Kf8 31. Qf4+ Kg7 32. Qd4+ Qf6 33. Qd7+ Kh6 34. Qxb7 Nd3 35. Bg8 Qf4+ 36. Kh1 Nxf2+ 37. Kg1 Ne4 38. Qxh7+ Kg5 39. h4+ Qxh4 40. Qe7+ Nf6 41. Bb3 Qd4+ 42. Kh2 a5 43. Bd1 Qc3 44. g3 Qd2+ 45. Be2 Qd4 46. Bd1 Qd2+ 47. Be2 Qc3 48. Bd1 Qd4 49. Bb3 Qf2+ 50. Kh3 Qf3 51. Kh2 Kg4 52. Bd1 Qxd1 53. Qe6+ Kf3 54. Qxf6+ Ke3 55. Qe5+ Kd3 56. Qxa5 b3 57. Qd5+ Kc2 58. Qe4+ Kc1 59. Kh3 b2 60. Qc4+ Qc2 61. Qf1+ Kd2 62. Qf2+ Kc3 0-1

[Event "GRE-chT 46th"]
[Site "Rio Achaia"]
[Date "2018.07.11"]
[Round "3.16"]
[White "Bednarek, Sylwester"]
[Black "Prince, Bajaj"]
[Result "1-0"]
[WhiteElo "2307"]
[BlackElo "2404"]
[PlyCount "89"]
[EventDate "2018.07.10"]
[EventType "team"]
[EventRounds "7"]
[EventCountry "GRE"]
[SourceTitle "CBM 185 Extra"]
[Source "ChessBase"]
[SourceDate "2018.07.29"]
[SourceVersion "1"]
[SourceVersionDate "2018.07.29"]
[SourceQuality "1"]
[WhiteTeam "Ioannites Skakiston"]
[BlackTeam "Kavalas OFS"]
[WhiteTeamCountry "GRE"]
[BlackTeamCountry "GRE"]

1. d4 Nf6 2. Bg5 e6 3. Nd2 h6 4. Bh4 d5 5. e3 c5 6. c3 Be7 7. Bd3 b6 8. f4 0-0 9. Ngf3 Bb7 10. Bxf6 Bxf6 11. 0-0 Ba6 12. Bxa6 Nxa6 13. Ne5 Nb8 14. Qh5 Bxe5 15. fxe5 Nc6 16. h4 f5 17. exf6 Rxf6 18. Rxf6 Qxf6 19. Rf1 Qe7 20. Qg6 Rf8 21. Rxf8+ Kxf8 22. Nf3 Qe8 23. Qh7 Qf7 24. b4 c4 25. e4 b5 26. a4 bxa4 27. exd5 exd5 28. Qc2 Qe8 29. Qxa4 Qe3+ 30. Kf1 Ne7 31. Qd7 Kg8 32. Ne5 Qf4+ 33. Kg1 Qe3+ 34. Kh2 Qf4+ 35. Kh3 Nf5 36. Qe8+ Kh7 37. Qg6+ Kg8 38. g3 Qf1+ 39. Kg4 Ne3+ 40. Kh5 Qe2+ 41. g4 Ng2 42. Qe6+ Kh7 43. Qf5+ Kg8 44. Qc8+ Kh7 45. Ng6 1-0

[Event "Titled Tuesday intern op 17th April"]
[Site "Chess.com INT"]
[Date "2018.04.17"]
[Round "4"]
[White "Prince, Bajaj"]
[Black "Blanco Ronquillo, Humberto L"]
[Result "1-0"]
[WhiteElo "2409"]
[BlackElo "2453"]
[PlyCount "115"]
[EventDate "2018.04.17"]
[EventType "swiss (blitz)"]
[EventRounds "10"]
[EventCountry "USA"]
[SourceTitle "EXT 2021"]
[Source "ChessBase"]
[SourceDate "2020.10.23"]
[SourceVersion "1"]
[SourceVersionDate "2020.10.23"]
[SourceQuality "1"]

1. e4 c5 2. Nf3 g6 3. d4 cxd4 4. Qxd4 Nf6 5. Nc3 Nc6 6. Qa4 d6 7. e5 dxe5 8. Nxe5 Bd7 9. Nxd7 Qxd7 10. Be2 Bg7 11. 0-0 a6 12. Be3 Qc7 13. Nb5 Qe5 14. Nd4 Qc7 15. Nxc6 Qxc6 16. Qxc6+ bxc6 17. Bd4 0-0 18. Rad1 Nd5 19. Bxg7 Kxg7 20. Bf3 Rab8 21. b3 Nb4 22. Rd2 Rfd8 23. Rfd1 Rxd2 24. Rxd2 Nxa2 25. Bxc6 Nb4 26. Ba4 Rc8 27. c4 Rc5 28. f3 Kf6 29. Kf2 Re5 30. Rd8 h5 31. h4 a5 32. Ra8 Rc5 33. Rb8 Re5 34. Rb6+ Kg7 35. Rb5 Rxb5 36. Bxb5 Kf6 37. Ke3 Ke6 38. c5 f6 39. Bc4+ Kd7 40. Kd4 g5 41. Bf7 gxh4 42. Bxh5 Nc2+ 43. Kc3 Ne1 44. Bg4+ Kc7 45. Kc4 Nxg2 46. Kb5 Ne3 47. Bh3 Nd1 48. Kxa5 Nf2 49. Bf1 h3 50. b4 h2 51. Bg2 h1Q 52. Bxh1 Nxh1 53. b5 Nf2 54. Ka6 Nd3 55. b6+ Kb8 56. c6 Nb4+ 57. Kb5 Nxc6 58. Kxc6 1-0

[Event "Kathmandu op"]
[Site "Kathmandu"]
[Date "2018.04.16"]
[Round "7"]
[White "Tarlev, Konstantin"]
[Black "Prince, Bajaj"]
[Result "1-0"]
[WhiteElo "2549"]
[BlackElo "2409"]
[PlyCount "65"]
[EventDate "2018.04.13"]
[EventType "swiss"]
[EventRounds "9"]
[EventCountry "NEP"]
[SourceTitle "CBM 183 Extra"]
[Source "ChessBase"]
[SourceDate "2018.04.19"]
[SourceVersion "1"]
[SourceVersionDate "2018.04.19"]
[SourceQuality "1"]

1. d4 Nf6 2. Nf3 e6 3. c4 b6 4. Nc3 Bb7 5. a3 d5 6. cxd5 exd5 7. g3 Be7 8. Bg2 0-0 9. 0-0 c5 10. Bf4 Na6 11. Rc1 Ne4 12. dxc5 Naxc5 13. Nb5 Ne6 14. Be3 Bf6 15. Nfd4 Nxd4 16. Bxd4 a6 17. Nc3 Rc8 18. Bxf6 Nxf6 19. e3 h6 20. Qb3 Qd6 21. Rcd1 Rfd8 22. e4 d4 23. e5 Qxe5 24. Bxb7 Rb8 25. Rfe1 Qc7 26. Bxa6 dxc3 27. Rxd8+ Rxd8 28. bxc3 h5 29. Bf1 Rd2 30. Re2 Rxe2 31. Bxe2 g6 32. Bf3 Kg7 33. Qb4 1-0

[Event "Kathmandu op"]
[Site "Kathmandu"]
[Date "2018.04.14"]
[Round "4"]
[White "Prince, Bajaj"]
[Black "Harshavardhan, GB."]
[Result "1/2-1/2"]
[WhiteElo "2409"]
[BlackElo "2119"]
[PlyCount "142"]
[EventDate "2018.04.13"]
[EventType "swiss"]
[EventRounds "9"]
[EventCountry "NEP"]
[SourceTitle "CBM 183 Extra"]
[Source "ChessBase"]
[SourceDate "2018.04.19"]
[SourceVersion "1"]
[SourceVersionDate "2018.04.19"]
[SourceQuality "1"]

1. e4 e5 2. Nf3 Nc6 3. Bb5 a6 4. Bxc6 dxc6 5. d4 exd4 6. Qxd4 Qxd4 7. Nxd4 Bd7 8. Nc3 0-0-0 9. Be3 Ne7 10. 0-0-0 c5 11. Nf3 Nc6 12. Ng5 Be6 13. Rxd8+ Nxd8 14. Nxe6 fxe6 15. h4 Be7 16. Bg5 Re8 17. f3 Bd6 18. Ne2 Nf7 19. Bf4 Bxf4+ 20. Nxf4 Kd8 21. Kd2 Ke7 22. Ke2 Nd8 23. Nd3 b6 24. Ne5 Nf7 25. Nxf7 Kxf7 26. Rd1 Ke7 27. Ke3 b5 28. g4 c4 29. h5 e5 30. Rd5 Ke6 31. f4 exf4+ 32. Kxf4 Rf8+ 33. Rf5 Rd8 34. Re5+ Kf7 35. Rc5 Rd2 36. Rxc7+ Ke6 37. c3 Rf2+ 38. Ke3 Rxb2 39. Rxg7 Rxa2 40. Rxh7 Rg2 41. Kd4 Rxg4 42. Rh6+ Kf7 43. Rxa6 Rg3 44. Rb6 Rd3+ 45. Ke5 Rxc3 46. Rb7+ Kg8 47. Rxb5 Rh3 48. Kf6 c3 49. Rc5 Rf3+ 50. Ke6 Rh3 51. Rc8+ Kg7 52. Rc7+ Kf8 53. e5 Rxh5 54. Rc8+ Kg7 55. Rxc3 Rh6+ 56. Kd7 Ra6 57. e6 Kf6 58. Rf3+ Kg7 59. Rf7+ Kg8 60. Rf1 Ra7+ 61. Ke8 Ra8+ 62. Ke7 Ra7+ 63. Kf6 Kf8 64. Rb1 Rf7+ 65. Ke5 Rf2 66. Rb8+ Ke7 67. Rb7+ Ke8 68. Rb5 Ke7 69. Rb7+ Ke8 70. Rf7 Rxf7 71. exf7+ Kxf7 1/2-1/2

[Event "Kathmandu op"]
[Site "Kathmandu"]
[Date "2018.04.13"]
[Round "2"]
[White "Prince, Bajaj"]
[Black "Shahid, Ahmed SK"]
[Result "1-0"]
[WhiteElo "2409"]
[BlackElo "1876"]
[PlyCount "139"]
[EventDate "2018.04.13"]
[EventType "swiss"]
[EventRounds "9"]
[EventCountry "NEP"]
[SourceTitle "CBM 183 Extra"]
[Source "ChessBase"]
[SourceDate "2018.04.19"]
[SourceVersion "1"]
[SourceVersionDate "2018.04.19"]
[SourceQuality "1"]

1. e4 e5 2. Nf3 Nc6 3. Bb5 a6 4. Bxc6 dxc6 5. Nc3 Bg4 6. h3 Bxf3 7. Qxf3 Qf6 8. Qg3 Bd6 9. d3 Ne7 10. 0-0 Ng6 11. Bg5 Qe6 12. Ne2 f6 13. Be3 0-0-0 14. Qg4 Qxg4 15. hxg4 h5 16. gxh5 Rxh5 17. Ng3 Rh7 18. f3 Rdh8 19. Kf2 Rh2 20. Rh1 Nf4 21. Rxh2 Rxh2 22. Bxf4 exf4 23. Ne2 Kd7 24. Rd1 g5 25. c3 Rh8 26. b3 Rh7 27. d4 Ke7 28. Nc1 Ke6 29. Nd3 Rh8 30. Rb1 Rh7 31. b4 b6 32. a4 Rh8 33. Ra1 Kd7 34. a5 b5 35. Re1 Ke6 36. Rc1 Kd7 37. Rd1 Ke6 38. Re1 Rh7 39. Rc1 Kd7 40. Rd1 Ke6 41. Re1 Rh5 42. Kg1 Rh7 43. Nf2 Rh4 44. Ng4 Bf8 45. Kf2 Rh8 46. Rd1 Bd6 47. Re1 Bf8 48. Ke2 Bd6 49. Kd3 Bf8 50. Rc1 Bd6 51. Rd1 Bf8 52. Re1 Bd6 53. e5 fxe5 54. Nxe5 Bxe5 55. Rxe5+ Kf6 56. Rc5 Rh2 57. Rxc6+ Kf5 58. Rc5+ Kf6 59. Ke4 Rxg2 60. Rc6+ Ke7 61. Rxc7+ Kd6 62. Ra7 Re2+ 63. Kf5 Re3 64. Rxa6+ Kd5 65. Rb6 Rxc3 66. Rxb5+ Kxd4 67. a6 Rc8 68. a7 Ra8 69. Rb7 Ke3 70. Kg4 1-0

[Event "Titled Tuesday intern op 3rd April"]
[Site "Chess.com INT"]
[Date "2018.04.03"]
[Round "2"]
[White "Papayan, Oleg"]
[Black "Prince, Bajaj"]
[Result "0-1"]
[WhiteElo "2285"]
[BlackElo "2409"]
[PlyCount "92"]
[EventDate "2018.04.03"]
[EventType "swiss (blitz)"]
[EventRounds "10"]
[EventCountry "USA"]
[SourceTitle "EXT 2021"]
[Source "ChessBase"]
[SourceDate "2020.10.23"]
[SourceVersion "1"]
[SourceVersionDate "2020.10.23"]
[SourceQuality "1"]

1. b3 e5 2. Bb2 Nc6 3. e3 Nf6 4. Bb5 Bd6 5. Na3 a6 6. Bxc6 dxc6 7. Nc4 Qe7 8. Nf3 e4 9. Nd4 0-0 10. d3 Bb4+ 11. c3 Bc5 12. 0-0 Bg4 13. Qc2 exd3 14. Qxd3 Rad8 15. Qc2 Bh5 16. Na5 Bg6 17. Qe2 Rb8 18. Rad1 Bb6 19. Naxc6 bxc6 20. Nxc6 Qe6 21. Nxb8 Bh5 22. f3 Rxb8 23. Rfe1 Nd5 24. Rd3 Nf4 25. Qd2 Nxd3 26. Qxd3 Re8 27. Bc1 Qg6 28. Qxg6 Bxg6 29. Kf2 Rd8 30. Ke2 Bd3+ 31. Kf2 Bb1 32. Re2 f5 33. f4 Be4 34. Ba3 Kf7 35. c4 Rd3 36. h3 Ba5 37. g4 g6 38. Bc5 Bc3 39. Ba7 c6 40. Bc5 Rd2 41. Rxd2 Bxd2 42. Bd4 Bb4 43. Bb2 Bc5 44. Be5 Bb1 45. a3 Bxa3 46. gxf5 gxf5 0-1

[Event "Titled Tuesday intern op 3rd April"]
[Site "Chess.com INT"]
[Date "2018.04.03"]
[Round "1"]
[White "Prince, Bajaj"]
[Black "Sevian, Samuel"]
[Result "0-1"]
[WhiteElo "2409"]
[BlackElo "2619"]
[PlyCount "78"]
[EventDate "2018.04.03"]
[EventType "swiss (blitz)"]
[EventRounds "10"]
[EventCountry "USA"]
[SourceTitle "EXT 2021"]
[Source "ChessBase"]
[SourceDate "2020.10.23"]
[SourceVersion "1"]
[SourceVersionDate "2020.10.23"]
[SourceQuality "1"]

1. e4 e5 2. Nf3 Nc6 3. Bb5 Nd4 4. Bc4 Nxf3+ 5. Qxf3 Nf6 6. 0-0 d6 7. h3 g6 8. d3 Bg7 9. Nc3 c6 10. a4 a5 11. Qe2 0-0 12. Bb3 Qe7 13. Be3 Be6 14. Bxe6 Qxe6 15. Rad1 d5 16. exd5 Nxd5 17. Bc5 Rfd8 18. d4 Nf4 19. Qe3 exd4 20. Bxd4 Bxd4 21. Rxd4 Qxe3 22. fxe3 Ne6 23. Rxd8+ Rxd8 24. Rd1 Rxd1+ 25. Nxd1 Kg7 26. Kf2 Kf6 27. b3 Ke5 28. Nc3 Nc5 29. Kf3 h5 30. h4 Nd7 31. g3 Nf6 32. Ne2 Nd5 33. c3 b5 34. c4 bxc4 35. bxc4 Nb6 36. Nd4 Kd6 37. Ke4 Nxa4 38. Kd3 Nc5+ 39. Kc2 Ne4 0-1

[Event "BAN Marcel 1st Div"]
[Site "Dhaka"]
[Date "2018.01.05"]
[Round "7.2"]
[White "Prince, Bajaj"]
[Black "Faisal, Hossain"]
[Result "1-0"]
[WhiteElo "2402"]
[BlackElo "1964"]
[PlyCount "43"]
[EventDate "2017.12.30"]
[EventType "team-tourn"]
[EventRounds "9"]
[EventCountry "BAN"]
[SourceTitle "CBM 182 Extra"]
[Source "ChessBase"]
[SourceDate "2018.02.23"]
[SourceVersion "1"]
[SourceVersionDate "2018.02.23"]
[SourceQuality "1"]
[WhiteTeam "Esoft Arena"]
[BlackTeam "Mir CC"]
[WhiteTeamCountry "BAN"]
[BlackTeamCountry "BAN"]

1. Nf3 c5 2. e4 e6 3. d4 cxd4 4. Nxd4 a6 5. Be2 Nf6 6. Nc3 Qc7 7. 0-0 d6 8. f4 Nbd7 9. Bf3 Be7 10. Kh1 Nc5 11. e5 dxe5 12. fxe5 Nfd7 13. b4 Nb3 14. Nd5 exd5 15. axb3 Nxe5 16. Bf4 0-0 17. Bxd5 Bd6 18. Nb5 axb5 19. Rxa8 Kh8 20. Bxe5 Bxe5 21. Rxf7 Rxf7 22. Bxf7 1-0

[Event "BAN Marcel 1st Div"]
[Site "Dhaka"]
[Date "2018.01.03"]
[Round "5.3"]
[White "Prince, Bajaj"]
[Black "Kabir, Mohammad Sherajul"]
[Result "1-0"]
[WhiteElo "2402"]
[BlackElo "1956"]
[PlyCount "45"]
[EventDate "2017.12.30"]
[EventType "team-tourn"]
[EventRounds "9"]
[EventCountry "BAN"]
[SourceTitle "CBM 182 Extra"]
[Source "ChessBase"]
[SourceDate "2018.02.23"]
[SourceVersion "1"]
[SourceVersionDate "2018.02.23"]
[SourceQuality "1"]
[WhiteTeam "Esoft Arena"]
[BlackTeam "Agrani Bank Daba Dal"]
[WhiteTeamCountry "BAN"]
[BlackTeamCountry "BAN"]

1. e4 c5 2. Nf3 e6 3. d4 cxd4 4. Nxd4 a6 5. Bd3 Nf6 6. 0-0 Qc7 7. Qe2 d6 8. f4 Qb6 9. Be3 Qc7 10. c4 Nbd7 11. Nc3 Be7 12. Rae1 h5 13. Kh1 h4 14. Kg1 Qa5 15. Qd1 Qh5 16. Be2 Qh7 17. Bf3 Nc5 18. e5 dxe5 19. fxe5 Nfe4 20. Bxe4 Nxe4 21. Qf3 Nxc3 22. Qxf7+ Kd8 23. bxc3 1-0

[Event "BAN Marcel 1st Div"]
[Site "Dhaka"]
[Date "2017.12.31"]
[Round "2.2"]
[White "Prince, Bajaj"]
[Black "Mowla, Khondakar Nazre"]
[Result "1-0"]
[WhiteElo "2402"]
[BlackElo "1851"]
[PlyCount "37"]
[EventDate "2017.12.30"]
[EventType "team-tourn"]
[EventRounds "9"]
[EventCountry "BAN"]
[SourceTitle "CBM 182 Extra"]
[Source "ChessBase"]
[SourceDate "2018.02.23"]
[SourceVersion "1"]
[SourceVersionDate "2018.02.23"]
[SourceQuality "1"]
[WhiteTeam "Esoft Arena"]
[BlackTeam "Debdas Biswas Smirity Sangsad"]
[WhiteTeamCountry "BAN"]
[BlackTeamCountry "BAN"]

1. e4 c5 2. b3 Nc6 3. Bb2 e5 4. Bc4 d6 5. Ne2 Nf6 6. Nbc3 a6 7. a4 Be6 8. 0-0 d5 9. exd5 Nxd5 10. Bxd5 Bxd5 11. f4 f6 12. fxe5 Nxe5 13. Nxd5 Qxd5 14. Nf4 Qf7 15. Bxe5 fxe5 16. Nd3 Qc7 17. Nxe5 g6 18. Qg4 Bd6 19. Rf7 1-0

[Event "Kavala op 26th"]
[Site "Kavala"]
[Date "2017.08.02"]
[Round "7"]
[White "Prince, Bajaj"]
[Black "Kadric, Denis"]
[Result "1/2-1/2"]
[WhiteElo "2344"]
[BlackElo "2515"]
[PlyCount "34"]
[EventDate "2017.07.28"]
[EventType "swiss"]
[EventRounds "9"]
[EventCountry "GRE"]
[SourceTitle "CBM 179 Extra"]
[Source "ChessBase"]
[SourceDate "2017.08.23"]
[SourceVersion "1"]
[SourceVersionDate "2017.08.23"]
[SourceQuality "1"]

1. e4 g6 2. d4 d6 3. Nf3 Bg7 4. Bc4 e6 5. 0-0 Ne7 6. Re1 b6 7. a4 a6 8. c3 0-0 9. Nbd2 Bb7 10. h3 h6 11. Qe2 c5 12. e5 d5 13. Bd3 Nbc6 14. Nf1 cxd4 15. cxd4 Nb4 16. Bb1 a5 17. Bf4 Ba6 1/2-1/2

[Event "Paleochora op 10th"]
[Site "Paleochora"]
[Date "2017.07.25"]
[Round "8"]
[White "Prince, Bajaj"]
[Black "Karapiperis, Alexandros"]
[Result "1-0"]
[WhiteElo "2344"]
[BlackElo "1966"]
[PlyCount "77"]
[EventDate "2017.07.19"]
[EventType "swiss"]
[EventRounds "9"]
[EventCountry "GRE"]
[SourceTitle "EXT 2018"]
[Source "ChessBase"]
[SourceDate "2017.10.13"]
[SourceVersion "1"]
[SourceVersionDate "2017.10.13"]
[SourceQuality "1"]

1. e4 e5 2. Nf3 Nc6 3. Bb5 a6 4. Ba4 Nf6 5. 0-0 Be7 6. Re1 b5 7. Bb3 d6 8. c3 0-0 9. h3 Na5 10. Bc2 c5 11. d4 Qc7 12. Nbd2 Nc6 13. d5 Nd8 14. Nf1 Ne8 15. g4 g6 16. Ng3 Ng7 17. Nh2 f6 18. h4 Nf7 19. Kg2 Bd7 20. Be3 Rfb8 21. Rh1 Qc8 22. Qd2 Bxg4 23. Nxg4 Qxg4 24. Rag1 c4 25. Bd1 Qd7 26. h5 Ng5 27. hxg6 hxg6 28. Rh4 b4 29. cxb4 Qb5 30. Rgh1 Kf7 31. Bxg5 fxg5 32. Rh7 Qxb4 33. Qe2 Qc5 34. Qg4 Qc8 35. Nf5 Bf8 36. Rxg7+ Kf6 37. Rxg6+ Kxg6 38. Qh5+ Kf6 39. Qh8+ 1-0

[Event "Paleochora op 10th"]
[Site "Paleochora"]
[Date "2017.07.20"]
[Round "3"]
[White "Vlachos, Anatole"]
[Black "Prince, Bajaj"]
[Result "0-1"]
[WhiteElo "2075"]
[BlackElo "2344"]
[PlyCount "152"]
[EventDate "2017.07.19"]
[EventType "swiss"]
[EventRounds "9"]
[EventCountry "GRE"]
[SourceTitle "EXT 2018"]
[Source "ChessBase"]
[SourceDate "2017.10.13"]
[SourceVersion "1"]
[SourceVersionDate "2017.10.13"]
[SourceQuality "1"]

1. Nf3 c5 2. c4 Nc6 3. Nc3 g6 4. g3 Bg7 5. Bg2 e6 6. 0-0 Nge7 7. d3 d5 8. cxd5 exd5 9. Bf4 0-0 10. Qd2 Bg4 11. h3 Bxf3 12. Bxf3 Re8 13. Bg2 Qd7 14. Rac1 b6 15. a3 Rad8 16. Rfe1 d4 17. Ne4 Nd5 18. Bh6 f5 19. Bxg7 Kxg7 20. Ng5 Na5 21. Qc2 Qb5 22. e4 dxe3 23. fxe3 Qb3 24. Qf2 h6 25. e4 Nf6 26. e5 hxg5 27. exf6+ Kxf6 28. Rxe8 Rxe8 29. Re1 Rxe1+ 30. Qxe1 Qe6 31. Qc3+ Qe5 32. Qc2 Qxg3 33. b4 Qe1+ 34. Kh2 Qe5+ 35. Kh1 cxb4 36. axb4 Qe1+ 37. Kh2 Qxb4 38. Qc8 Qd6+ 39. Kh1 Ke5 40. Qc3+ Qd4 41. Qc7+ Kf6 42. Qc8 Kg7 43. Qc7+ Kh6 44. Qxa7 Nb3 45. Qb8 Nc5 46. Qf8+ Kh5 47. Qe7 Kh6 48. Qf8+ Qg7 49. Qd6 Qd7 50. Qxb6 Nxd3 51. Qb8 Nf4 52. Qh8+ Qh7 53. Qd8 Qg7 54. h4 Qa1+ 55. Kh2 gxh4 56. Qxh4+ Nh5 57. Bf3 Qe5+ 58. Kg2 Qf4 59. Qe1 Qg5+ 60. Kh2 Qf4+ 61. Kg2 Qg5+ 62. Kh2 Nf4 63. Qc3 Qh4+ 64. Kg1 Qg3+ 65. Kf1 Nh3 66. Qd2+ Qf4 67. Qc3 Qg3 68. Qd2+ f4 69. Bg2 Ng5 70. Qd6 Qe3 71. Qf8+ Kh5 72. Qh8+ Kg4 73. Qf6 Qc1+ 74. Kf2 Qe3+ 75. Kf1 f3 76. Bh3+ Kg3 0-1

[Event "Warsaw Najdorf Memorial op-A 15th"]
[Site "Warsaw"]
[Date "2017.07.16"]
[Round "8"]
[White "Prince, Bajaj"]
[Black "Janik, Igor"]
[Result "0-1"]
[WhiteElo "2344"]
[BlackElo "2425"]
[PlyCount "72"]
[EventDate "2017.07.09"]
[EventType "swiss"]
[EventRounds "9"]
[EventCountry "POL"]
[SourceTitle "CBM 179 Extra"]
[Source "ChessBase"]
[SourceDate "2017.08.23"]
[SourceVersion "1"]
[SourceVersionDate "2017.08.23"]
[SourceQuality "1"]

1. e4 c5 2. Nf3 Nc6 3. d4 cxd4 4. Nxd4 g6 5. c4 Bg7 6. Be3 Nf6 7. Nc3 0-0 8. Be2 Nxd4 9. Bxd4 d6 10. 0-0 a5 11. f3 Bd7 12. Rc1 a4 13. Qd2 Qa5 14. Rfd1 Rfc8 15. Be3 Bc6 16. Nd5 Qxd2 17. Rxd2 Bxd5 18. exd5 Nd7 19. f4 b5 20. Bd4 Bxd4+ 21. Rxd4 Nb6 22. b3 axb3 23. axb3 Ra2 24. Re1 b4 25. Bd3 Rc7 26. Rde4 Kf8 27. f5 Rb2 28. c5 Rxc5 29. Rxe7 Nxd5 30. Re8+ Kg7 31. fxg6 hxg6 32. Bc4 Nf4 33. R8e4 Rxg2+ 34. Kf1 Rg4 35. h3 Rh4 36. Rd1 Rf5 0-1